[Event "Barcelona Sants op-A 23rd"]
[Site "Barcelona"]
[Date "2022.08.19"]
[Round "1"]
[White "Gutierrez Palomino, Albert"]
[Black "Garriga Cazorla, Pere"]
[Result "0-1"]
[WhiteElo "2017"]
[BlackElo "2511"]
[PlyCount "116"]
[EventDate "2022.08.19"]
[EventType "swiss"]
[EventRounds "10"]
[EventCountry "ESP"]
[SourceTitle "CBM 209 Extra"]
[Source "ChessBase"]
[SourceDate "2022.09.30"]
[SourceVersion "1"]
[SourceVersionDate "2022.09.30"]
[SourceQuality "1"]

1. Nf3 c5 2. c4 Nc6 3. d4 cxd4 4. Nxd4 Nf6 5. Nc3 e6 6. a3 Bc5 7. Nb3 Be7 8. e4 b6 9. Be2 Bb7 10. 0-0 0-0 11. Bf4 d6 12. Bg3 Rc8 13. f4 Nd7 14. Bf2 Nc5 15. Nxc5 bxc5 16. Qd2 a6 17. Bd3 Nd4 18. Bxd4 cxd4 19. Ne2 e5 20. Ng3 exf4 21. Qxf4 g6 22. Qg4 Kh8 23. Kh1 Bg5 24. Ne2 h5 25. Qg3 Be3 26. Nf4 a5 27. b4 a4 28. Nd5 Bxd5 29. exd5 Qe7 30. Rf3 Kh7 31. Raf1 f5 32. Qe1 Kh6 33. Qd1 Ra8 34. Qc2 Qe5 35. Qb1 Rf6 36. Qc2 Ra7 37. Qe2 Re7 38. Qc2 f4 39. h4 Ra7 40. Qe2 Raf7 41. Rh3 Qe8 42. Qf3 Qc8 43. Qd1 Rc7 44. Qe2 Re7 45. Qd1 Re5 46. Qf3 Rf8 47. Qd1 Re7 48. Qc2 Rf6 49. Qd1 Qd7 50. Qc2 f3 51. Rfxf3 Rxf3 52. Rxf3 Qg4 53. Qd1 Rf7 54. Qe2 Rxf3 55. Qxf3 Qxh4+ 56. Qh3 Qe1+ 57. Kh2 Bg1+ 58. Kh1 Bf2+ 0-1

[Event "Sitges Sunway 7th"]
[Site "Sitges"]
[Date "2020.12.19"]
[Round "6"]
[White "Gayon, Benoit"]
[Black "Gutierrez Palomino, Albert"]
[Result "1-0"]
[WhiteElo "1891"]
[BlackElo "1984"]
[PlyCount "69"]
[EventDate "2020.12.13"]
[EventType "swiss"]
[EventRounds "10"]
[EventCountry "ESP"]
[SourceTitle "CBM 199 Extra"]
[Source "ChessBase"]
[SourceDate "2021.01.31"]
[SourceVersion "1"]
[SourceVersionDate "2021.01.31"]
[SourceQuality "1"]

1. e4 e6 2. d4 d5 3. e5 c5 4. c3 Qb6 5. Nf3 Nc6 6. a3 c4 7. Be2 Na5 8. Nbd2 Bd7 9. 0-0 Ne7 10. Nh4 g5 11. Nhf3 h6 12. Ne1 0-0-0 13. Bh5 Ng6 14. Qc2 Be8 15. Rb1 Nf4 16. Bd1 Qc7 17. b4 cxb3 18. Nxb3 Ba4 19. Qa2 Nxb3 20. Bxb3 Bb5 21. c4 dxc4 22. Bd1 Ba6 23. Bxf4 gxf4 24. Nf3 Kb8 25. Be2 Rc8 26. Rfc1 Qc6 27. Nd2 c3 28. Bxa6 Qxa6 29. Ne4 Bxa3 30. Nc5 Rxc5 31. dxc5 Bb2 32. Qxa6 bxa6 33. Rxc3 Rd8 34. Rxb2+ Kc7 35. Kf1 1-0

[Event "Barcelona 2nd"]
[Site "Barcelona"]
[Date "2019.05.18"]
[Round "6.1"]
[White "Gutierrez Palomino, Albert"]
[Black "De Leon, Patricia O"]
[Result "0-1"]
[WhiteElo "1955"]
[BlackElo "1969"]
[PlyCount "78"]
[EventDate "2019.04.06"]
[EventType "tourn"]
[EventRounds "9"]
[EventCountry "ESP"]
[SourceTitle "EXT 2024"]
[Source "ChessBase"]
[SourceDate "2023.10.10"]
[SourceVersion "1"]
[SourceVersionDate "2023.10.10"]
[SourceQuality "1"]

1. c4 e5 2. Nc3 Nc6 3. e3 g6 4. d4 d6 5. Nf3 Bg7 6. Be2 Nge7 7. 0-0 0-0 8. d5 Nb8 9. b4 Nd7 10. Bb2 h6 11. Qc2 f5 12. Nd2 b6 13. f4 Kh7 14. Rae1 Ng8 15. Nf3 Qe7 16. Nb5 Qd8 17. fxe5 Nxe5 18. Nxe5 dxe5 19. e4 a6 20. Nc3 Qe7 21. a3 a5 22. bxa5 Rxa5 23. exf5 Bxf5 24. Ne4 Nf6 25. Bd3 Nxe4 26. Bxe4 Bxe4 27. Qxe4 Rxf1+ 28. Rxf1 Ra4 29. Kh1 b5 30. Rc1 Qc5 31. h3 Rxc4 32. Rxc4 bxc4 33. Kh2 c3 34. Bc1 Qd4 35. Qf3 e4 36. Qf7 e3 37. Qf3 Qe5+ 38. g3 e2 39. Bf4 Qe8 0-1

[Event "Malgrat del Mar op"]
[Site "Malgrat del Mar"]
[Date "1997.05.10"]
[Round "8"]
[White "Gutierrez Palomino, Albert"]
[Black "Sole Benegues, Jordi"]
[Result "1-0"]
[WhiteElo "2105"]
[BlackElo "1855"]
[PlyCount "67"]
[EventDate "1997.??.??"]
[EventType "swiss"]
[EventRounds "9"]
[EventCountry "ESP"]
[SourceTitle "EXT 2003"]
[Source "ChessBase"]
[SourceDate "2002.11.25"]
[SourceVersion "1"]
[SourceVersionDate "2002.11.25"]
[SourceQuality "1"]

1. e4 d6 2. d4 g6 3. Nc3 Bg7 4. Be3 Nf6 5. f3 c6 6. Qd2 0-0 7. 0-0-0 Na6 8. g4 b5 9. h4 b4 10. Nce2 Qa5 11. Kb1 Be6 12. b3 Bxg4 13. fxg4 Nxe4 14. Qd3 d5 15. Nf3 c5 16. Nd2 c4 17. Nxc4 Nc3+ 18. Qxc3 dxc4 19. Qxc4 Rac8 20. Qd3 Rfd8 21. Qe4 Rc7 22. Bg2 Rdc8 23. Rd2 Qa3 24. Bf4 Nc5 25. Qe3 Rd7 26. Be5 Na4 27. c4 Rxc4 28. Qd3 Rc3 29. Qb5 Rxb3+ 30. axb3 Qxb3+ 31. Kc1 Rd8 32. Bb7 a5 33. Qd3 Bxe5 34. Qxb3 1-0